Regression estimation from grouped observations /

Guardado en:
Autor Principal: Haitovsky, Yoel.
Formato: Libro
Idioma:English
Publicado: New York : Hafner Press, 1973.
Series:Griffin's statistical monographs and courses ; no. 33
Etiquetas: Agregar Etiqueta
Sin Etiquetas, Sea el primero en etiquetar este registro!
LEADER 00724cam a22001815a 4500
001 MAT.inmabb002373
008 730710s1973####nyu######b####001#0#eng#d
005 20130320090110.0
245 1 0 |a Regression estimation from grouped observations /  |c Yoel Haitovsky. 
260 |a New York :  |b Hafner Press,  |c 1973. 
300 |a x, 94 p. ;  |c 22 cm. 
440 0 |a Griffin's statistical monographs and courses ;  |v no. 33 
504 |a Bibliografía: p. 91-92. 
586 8 |a "An earlier version of this monograph received the C. Oswald George Prize in Applied Statistics awarded annually by the Institute of Statisticians." 
100 1 |a Haitovsky, Yoel. 
084 |a 62Jxx  |2 msc2000 
010 |a  73163886  
859 |h 62  |i H153  |p A-4051  |b BIB. MATEMATICA